00576cam a2200193 a 450000500170000000800410001701000140005802000260007203500130009803700130011104000080012408200080013210000180014024500460015826000510020427000480025530000290030350000500033220091107113722.0000504s2000 nik 000 0 eng d aENG-95373 a9788131306222c695.00 aEN-78906 bDBAD/PUB aDPL a155 aMishra, R. C. aDevelopmental psychology /cby R.C.Mishra aNew DelhibA.P.H. Publishing Corporationc2009 a4435-36/7, Ansari Road ,bNew Delhie110002 aviii, 275p. c22 cm.(Hb) aIncludes bibliographical references and index